Chaîne de mots - Australie - Statistiques

Statistiques générales
  • Ce quiz a été pris 11 153 fois
  • Le résultat moyen est 13 sur 23
Statistiques - réponses
Indice Réponse % Correct
Animal qui dort 20 heures par jour Koala
92%
On retrouve 5 des 10 espèces les plus venimeuses de cet animal en Australie Serpent
87%
On en trouve six sur le drapeau Étoiles
83%
De quoi est constituée la « grande barrière » à l'est? Corail
81%
Sport pratiqué à l'Open d'Australie Tennis
81%
Célèbre bâtiment à Sydney Opéra
80%
Couleur atypique du lac Hillier Rose
70%
État: Nouvelle-Galles du ___ Sud
70%
Groupe rock à l'origine de Highway to Hell AC/DC
68%
Zone aride qui couvre 18% du territoire Désert
68%
Sport aquatique emblématique Surf
68%
Le moloch et le dragon barbu sont des variétés australiennes de ce reptile Lézard
62%
Chien sauvage au pelage roux Dingo
59%
Terme qui désigne les Autochtones d'Australie Aborigène
55%
L'acacia doré est la _____ nationale australienne Fleur
51%
Il a pris le vol 714 pour Sydney Tintin
47%
Arbre qui domine 95% des forêts Eucalyptus
40%
Instrument de musique d'origine indigène Didjeridoo
38%
Pays insulaire où l'Australie envoie ses réfugiés Nauru
34%
Également connu sous le nom d'Ayers Rock Uluru
29%
Vaste région intérieure Outback
26%
2e plus grande ville du Queensland:____ Coast Gold
25%
Type de botte en peau de mouton Ugg
15%
Aucun quiz correspondant
Distribution des résultats
% des personnes avec chaque résultat
Percentile par nombre de réponses
Votre historique - résultats
Vous n’avez pas pris ce quiz